The last-place sports poems of Jeremy Bloom : (Record no. 9398)

MARC details
000 -LEADER
fixed length control field 00983nam a22002657a 4500
001 - CONTROL NUMBER
control field 9398
003 - CONTROL NUMBER IDENTIFIER
control field FISKH
005 - DATE AND TIME OF LATEST TRANSACTION
control field 20251219114028.0
008 - FIXED-LENGTH DATA ELEMENTS--GENERAL INFORMATION
fixed length control field 251219b cb ||||| |||| 00| 0 eng d
020 ## - INTERNATIONAL STANDARD BOOK NUMBER
International Standard Book Number 9780590255165
040 ## - CATALOGING SOURCE
Original cataloging agency FISKH
Language of cataloging eng
Transcribing agency FISKH
Modifying agency FISKH
050 ## - LIBRARY OF CONGRESS CALL NUMBER
Classification number PZ7.K8369 L
082 ## - DEWEY DECIMAL CLASSIFICATION NUMBER
Classification number 813.54
100 ## - MAIN ENTRY--PERSONAL NAME
Personal name Korman, Gordon
Relator term Author
245 ## - TITLE STATEMENT
Title The last-place sports poems of Jeremy Bloom :
Remainder of title A collection of poems about winning, losing, and being a good sport (sometimes) /
Statement of responsibility, etc. Gordon Korman and Bernice Korman
260 ## - PUBLICATION, DISTRIBUTION, ETC.
Place of publication, distribution, etc. New York :
Name of publisher, distributor, etc. Scholastic Inc. ,
Date of publication, distribution, etc. 1996
300 ## - PHYSICAL DESCRIPTION
Extent 92 pages :
Dimensions 20 cm
490 ## - SERIES STATEMENT
Series statement Jeremy Bloom's poems
Volume/sequential designation 2
520 ## - SUMMARY, ETC.
Summary, etc. Jeremy Bloom is offered a second chance to pull up his D- grades from the previous year in his teacher's poetry writing class. His topic is sports.
521 8# - TARGET AUDIENCE NOTE
Target audience note NP<br/>
Source Raz-Plus<br/>
650 ## - SUBJECT ADDED ENTRY--TOPICAL TERM
Topical term or geographic name entry element Children's poetry & rhymes
Form subdivision Children's humor
650 ## - SUBJECT ADDED ENTRY--TOPICAL TERM
Topical term or geographic name entry element Poetry fiction
Form subdivision Sports
942 ## - ADDED ENTRY ELEMENTS (KOHA)
Source of classification or shelving scheme Dewey Decimal Classification
Koha item type Books
Suppress in OPAC No
Holdings
Withdrawn status Lost status Source of classification or shelving scheme Damaged status Not for loan Collection Home library Current library Shelving location Date acquired Total Checkouts Full call number Barcode Date last seen Copy number Price effective from Koha item type
    Dewey Decimal Classification     Juvenile Fiction Footprints International School Library Network Toul Tom Poung Campus Footprints International School Library Network Toul Tom Poung Campus TTP Primary Green Bookshelves 12/19/2025   KOR 813.54 PZ7.K8369 L FISSE00183 12/19/2025 1 12/19/2025 Books